Statistics for U.S. Cities that get the most sunshine

Click here to take the quiz!

General Stats

  • This quiz has been taken 187 times
    (182 since last reset)
  • The average score is 7 of 11

Answer Stats

Rank Days of Sunshine City % Correct
1174Miami, Florida
93%
5147Los Angeles, California
89%
6146San Diego, California
88%
1211Phoenix, Arizona
85%
10101Tampa Bay, Florida
70%
2210Las Vegas, Nevada
68%
4160San Francisco, California
62%
9115Denver, Colorado
58%
3188Sacramento, California
44%
8125Salt Lake City, Utah
44%
7139Oklahoma City, Oklahoma
28%

Score Distribution

Percentile by Number Answered

Percent of People with Each Score

Your Score History

You have not taken this quiz since the last reset